تخطيط القاهرة وتنظيمها منذ نشأتها / Takhṭīṭ al-Qāhirah wa-tanẓīmuhā mundhu nashʼatihā

محفوظ في:

المؤلف الرئيسي: Ḥasan ʻAbd al-Wahhāb.

التنسيق: كتاب

اللغة: Undetermined

منشور في: Al-Qāhirah Matabie dar alnashr liljamieat almisria 1957

الوسوم: إضافة وسم

لا توجد وسوم, كن أول من يضع وسما على هذه التسجيلة!

رقم الطلب: H20 ABD-W

LEADER 00485nam a2200121Ia 4500
008 240404s9999||||xx |||||||||||||| ||und||
050 4 |a H20 ABD-W 
100 1 |a Ḥasan ʻAbd al-Wahhāb. 
245 1 0 |a تخطيط القاهرة وتنظيمها منذ نشأتها / Takhṭīṭ al-Qāhirah wa-tanẓīmuhā mundhu nashʼatihā  |c Ḥasan ʻAbd al-Wahhāb 
264 1 |a Al-Qāhirah  |b Matabie dar alnashr liljamieat almisria  |c 1957 
300 |a 45, Unnumbered pages  |c 24 
942 |2 lcc  |c BK 
999 |c 58117  |d 58117